El pensamiento penal de Beccaria: su actualidad
Guardat en:
| Autors principals: | , , , , |
|---|---|
| Format: | Llibre |
| Idioma: | espanyol |
| Publicat: |
Bilbao
Universidad de Deusto
1990
|
| Matèries: | |
| Etiquetes: |
Afegir etiqueta
Sense etiquetes, Sigues el primer a etiquetar aquest registre!
|
MARC
| LEADER | 00000nam a2200000 a 4500 | ||
|---|---|---|---|
| 001 | UCX7625 | ||
| 003 | CL-VaPUC | ||
| 005 | 20210609122314.0 | ||
| 008 | 931222e19900000sp 1 spa d | ||
| 082 | 0 | 4 | |a 345 |b ASU |2 21 |
| 100 | |a Asúa Batarrita, Adela |e author |9 616906 | ||
| 700 | 1 | |a Bajo Fernández, Miguel |e author |9 616907 | |
| 700 | 1 | |a Gómez Benítez, José Miguel |e author |9 616908 | |
| 700 | |a Luzón Peña, Diego-Manuel |e author |9 601683 | ||
| 700 | 1 | |a Torio López, Angel |e author |9 616910 | |
| 245 | 1 | 3 | |a El pensamiento penal de Beccaria: su actualidad |
| 260 | |a Bilbao |b Universidad de Deusto |c 1990 | ||
| 300 | |a 109 p | ||
| 583 | |a last modification |c 19931222 00:00:00 |k Rodrigo Vera | ||
| 600 | 1 | 7 | |a BECCARIA, CESARE |2 CL-VaPUC |9 548160 |
| 650 | 0 | 7 | |a DERECHO PENAL |2 CL-VaPUC |9 11 |
| 942 | |c BK | ||
| 945 | |a nfarias |d 19931222 00:00:00 | ||
| 546 | |a En Español | ||
| 536 | |a Universidad de Deusto | ||
| 518 | |p Ciclo de Conferencias de Derecho Penal con Ocasión del 250 Aniversario del Nacimiento de Beccaria, 14 al 18 de marzo de 1988 | ||
| 999 | |c 382180 |d 382178 | ||
| 952 | |0 0 |1 0 |4 0 |6 345_000000000000000_ASU_1990 |7 0 |8 A |9 503747 |a BIBDER |b BIBDER |d 2020-01-23 |i 2954982 |l 1 |m 2 |o 345 ASU 1990 |p 2954982 |q 2025-12-31 |r 2024-11-04 |s 2024-11-04 |w 2020-01-23 |y BK |k DER | ||